| 000 | 00346 a2200157 4500 | ||
|---|---|---|---|
| 001 | 170961 | ||
| 020 | _a | ||
| 040 | _cMagnum | ||
| 100 | _aAraujo, Naiara Mattar de | ||
| 240 | 1 | 0 |
_aLucinda, a minhoca gulosa _lpor |
| 245 | 1 | 0 | _aLucinda, a minhoca gulosa |
| 362 | 0 | _a1899 | |
| 440 | 1 | _aCiranda Cultural | |
| 697 | _aI/FABULAS | ||
| 942 | _cBK | ||
| 999 |
_c170961 _d170961 |
||